Historické pramene súčasnej fyziky 1 : Od Aristotela po Boltymanna /
Gespeichert in:
| Hauptverfasser: | , |
|---|---|
| Format: | Buch |
| Sprache: | Slowakisch |
| Veröffentlicht: |
Bratislava :
Alfa,
1990
|
| Ausgabe: | 1.vyd. |
| Schlagworte: | |
| Tags: |
Keine Tags, Fügen Sie das erste Tag hinzu!
|
MARC
| LEADER | 00000nam a22000003a 4500 | ||
|---|---|---|---|
| 001 | stu44963 | ||
| 005 | 20150617225718.3 | ||
| 008 | 950918s1990----cs------------------slo-d | ||
| 040 | |a STU |b slo | ||
| 041 | 0 | |a slo | |
| 044 | |a cs | ||
| 080 | |a 53(091) | ||
| 100 | 1 | |a Zajac, Rudolf |4 aut | |
| 245 | 1 | |a Historické pramene súčasnej fyziky 1 : |b Od Aristotela po Boltymanna / |c [aut.]Rudolf Zajac, Juraj Šebesta | |
| 250 | |a 1.vyd. | ||
| 260 | |a Bratislava : |b Alfa, |c 1990 | ||
| 300 | |a 396 s | ||
| 650 | 7 | |a fyzika |2 stusub | |
| 650 | 7 | |a dejiny |2 stusub | |
| 700 | 1 | |a Šebesta, Juraj |4 aut | |
| 996 | |b 284M021756 |c M*7538/1-1 |l MMKN |s A |a 24 |w stu44963_0001 | ||
| 996 | |b 284M047803 |c M*7538/1-3 |l MMKN |s A |a 24 |w stu44963_0002 | ||
| 996 | |b 284M021757 |c M*7538/1-4 |l MMKN |s A |a 24 |w stu44963_0003 | ||